United States vs Canada Geoguessr Metas - Statistics

General Stats
  • This quiz has been taken 21 times
  • The average score is 5 of 7
Answer Stats
Question Answer % Correct
Signs that say ‘Maximum’ Canada
94%
One way signs with a black arrow Canada
88%
Signs that say ‘Speed Limit’ United States
88%
One way signs with text United States
71%
Uses the metric system Canada
65%
Yield and railroad crossing signs with no text Canada
59%
Yield and railroad crossing signs with text United States
59%
No matching quizzes found
Score Distribution
Percent of People with Each Score
Percentile by Number Answered
Your Score History
You have not taken this quiz